| 000 | 01164cam a2200289 4500 | ||
|---|---|---|---|
| 001 | E10591 | ||
| 008 | 020405n1997 000 0 eng u | ||
| 035 | _a(Sirsi) u117381 | ||
| 041 | _aeng | ||
| 050 | _a725.54 | ||
| 100 | _aBright, K. | ||
| 110 |
_aICI Paints _94211 |
||
| 245 | 2 | _aA design guide for the use of colour and contrast to improve the built environment for visually impaired people | |
| 260 |
_aSlough _bDulux Technical Group _c1997 |
||
| 300 | _a63p. : ill. ; 30cm. | ||
| 350 | _a£15.00 | ||
| 520 | _aDesign guide based on findings from Project Rainbow, carried out at University of Reading, Department of Construction Management and Engineering. Includes navigation, lighting, colour differentiation, critical surfaces, general obstacles and furniture, and colour schemes | ||
| 650 | _aBLIND PEOPLE | ||
| 650 | _aBUILT ENVIRONMENT | ||
| 650 | _aCOLOUR SELECTION | ||
| 650 | _aMANAGEMENT-BUSINESS MANAGEMENT-DISCRIMINATION-DISABILITY DISCRIMINATION-ACCESSIBILITY | ||
| 650 |
_aHEALTH AND SAFETY _96244 |
||
| 650 | _aPAINT | ||
| 650 | _aVISUALLY IMPAIRED PEOPLE | ||
| 690 | _aBUILT ENVIRONMENT-BUILDING MATERIALS | ||
| 942 | _n0 | ||
| 999 |
_c101985 _d101985 |
||